NLSUI OPAC header image

Climate change induced migration : (Record no. 213210)

MARC details
000 -LEADER
fixed length control field 00518nam a2200169Ia 4500
003 - CONTROL NUMBER IDENTIFIER
control field OSt
005 - DATE AND TIME OF LATEST TRANSACTION
control field 20260125121223.0
008 - FIXED-LENGTH DATA ELEMENTS--GENERAL INFORMATION
fixed length control field 241202s9999 xx 000 0 und d
040 ## - CATALOGING SOURCE
Transcribing agency 0
100 ## - MAIN ENTRY--PERSONAL NAME
Personal name Khanna, Sahil Raj
245 #0 - TITLE STATEMENT
Title Climate change induced migration :
Remainder of title critical reflections for policy making /
Statement of responsibility, etc. Sahil Raj Khanna
260 ## - PUBLICATION, DISTRIBUTION, ETC.
Place of publication, distribution, etc. Bangalore :
Name of publisher, distributor, etc. NLSIU,
Date of publication, distribution, etc. 2023.
300 ## - PHYSICAL DESCRIPTION
Extent 49p
700 ## - ADDED ENTRY--PERSONAL NAME
Personal name Prof. Gayathri Naik - Supervisor
856 ## - ELECTRONIC LOCATION AND ACCESS
Uniform Resource Identifier <a href="https://dans.nls.ac.in/handle/123456789/2159">https://dans.nls.ac.in/handle/123456789/2159</a>
942 ## - ADDED ENTRY ELEMENTS (KOHA)
Koha item type Dissertation
Source of classification or shelving scheme Dewey Decimal Classification
Holdings
Withdrawn status Lost status Damaged status Not for loan Home library Current library Date acquired Total Checkouts Barcode Date last seen Price effective from Koha item type
        . . 02.12.2024   MPP387 02.12.2024 02.12.2024 Dissertation